000 00917nam a2200277 a 4500
001 BRCA_6532
005 20190320205508.0
008 290911s2001----pe-a######---#000-0#spa-#
020 _a9972637076
041 _aspa
044 _ape
050 4 _aND413
_b.P54 2001
245 1 0 _aPintura en el Virreinato del Perú
_bel libro de arte del Centenario.
260 _aLima, Perú
_bBanco de Crédito del Perú
_c2001
300 _a425 p.
_bil. (algunas a color)
_c25 cm.
440 0 _aArte y Tesoros del Perú
_916305
500 _aIncluye índice de ilustraciones, índice onomástico y toponímico
500 _aDonación Dra. Elsa Barberena
650 1 4 _aPintura
_zPerú
_916306
650 1 4 _aPintura colonial
_zPerú
_93903
650 1 4 _aSimbolismo en el arte
_zPerú
_916307
650 1 4 _aArte cristiano y simbolismo
_92565
710 2 _aBanco de Crédito del Perú
_916308
902 _aDEB
942 _2lcc
_cB
999 _c6216
_d6216